| 000 | 00476nam a2200157Ia 4500 | ||
|---|---|---|---|
| 008 | 210716s2010 xx 000 0 und d | ||
| 020 | _a9780071076821 | ||
| 041 | _aeng | ||
| 082 | _a005.133 BRAJ | ||
| 100 | _aBrannan, James A. | ||
| 245 |
_aObjective -c for iphone developers : a beginners guide. _bBeginners guide. |
||
| 250 | _a1 | ||
| 260 |
_aNew Delhi _bTata McGraw Hill Education Private Limited _c2010 |
||
| 300 | _axvii,365 | ||
| 650 | _aObject Oriented Programming | ||
| 999 |
_c191641 _d191641 |
||